Pays avec un ou plusieurs A - Statistiques

Statistiques générales
  • Ce quiz a été pris 5 351 fois
    4 569 depuis la dernière actualisation
  • Le résultat moyen est 94 sur 137
Statistiques - réponses
Nombre de A Pays % Correct
A France
94%
AA Allemagne
91%
AAA Canada
91%
AA Australie
90%
A Algérie
89%
A Espagne
88%
A Argentine
87%
A Etats-Unis
87%
A Afrique du Sud
86%
A Japon
86%
AAA Afghanistan
84%
AAA Arabie Saoudite
83%
A Portugal
83%
A Andorre
82%
A Irlande
82%
A Maroc
82%
A Finlande
81%
A Islande
81%
AA Albanie
80%
A Autriche
80%
AAA Kazakhstan
80%
AA Danemark
79%
AAAA Madagascar
79%
A Royaume-Uni
79%
AAA Azerbaïdjan
78%
A Italie
78%
AA Pakistan
78%
AAA Panama
78%
A Arménie
77%
A Iran
77%
AAA Paraguay
77%
A Irak
76%
AA Pays-Bas
76%
AA Vatican
76%
A Croatie
75%
AAA Guatemala
75%
AA Thaïlande
75%
A Cuba
74%
A Uruguay
74%
A Venezuela
74%
AA Angola
73%
AA Saint-Marin
73%
AAA Emirats Arabes Unis
72%
A Kenya
72%
AA Qatar
72%
AA Costa Rica
71%
AA Ghana
71%
A Mali
71%
A Monaco
71%
AAA Nicaragua
71%
A Roumanie
71%
A Slovaquie
71%
A Soudan
71%
AAAA Antigua-et-Barbuda
70%
A Laos
70%
AA Mauritanie
70%
A Ouzbékistan
70%
A Israël
69%
AA Jamaïque
69%
A Liban
69%
A Lituanie
69%
A Viêt Nam
69%
A Zambie
69%
AAA Bahamas
68%
A Bulgarie
68%
AA Guyana
68%
A Honduras
68%
A Nouvelle-Zélande
68%
A Cameroun
67%
A Haïti
67%
A Jordanie
67%
A Malte
67%
A Nigeria
67%
AA Tadjikistan
67%
A Ukraine
67%
A Cambodge
66%
A Equateur
66%
A Oman
66%
AA Saint-Vincent-et-les-Grenadines
66%
A Sénégal
66%
A Somalie
66%
A Soudan du Sud
66%
A Turkménistan
66%
A Zimbabwe
66%
AA Malaisie
65%
AA Barbade
64%
A Gambie
64%
A Népal
64%
AA Ouganda
64%
A Sainte-Lucie
64%
A Guinée-Bissau
63%
AA Guinée équatoriale
63%
A Kirghizistan
63%
A Macédoine du Nord
63%
A Maurice (île)
63%
A Namibie
63%
AA Papouasie-Nouvelle-Guinée
63%
A République démocratique du Congo
63%
AA Rwanda
63%
A Suriname
63%
AA Tanzanie
63%
A Cap-Vert
62%
A Moldavie
62%
A Mozambique
62%
A Saint-Christophe-et-Niévès
62%
AA Bangladesh
61%
AA République Centrafricaine
61%
A République dominicaine
61%
A Bahreïn
60%
A Bhoutan
60%
A Birmanie
60%
AA Botswana
60%
A Gabon
60%
A Tonga
60%
AA Burkina Faso
59%
AA Samoa
59%
AA Îles Marshall
58%
AA Salvador
58%
A Sao Tomé-et-Principe
58%
AA Sri Lanka
58%
A Tchad
58%
A Grenade
57%
A Liberia
57%
AA Malawi
57%
AA Taïwan
57%
A Eswatini
56%
A Maldives
56%
AA Vanuatu
56%
A Nauru
54%
AA Palaos
54%
A Singapour
53%
A Sierra Leone
52%
A Salomon
50%
A Tuvalu
50%
A Trinité-et-Tobago
47%
A Kiribati
42%
A Timor Oriental
40%
Aucun quiz correspondant
Distribution des résultats
% des personnes avec chaque résultat
Percentile par nombre de réponses
Votre historique - résultats
Vous n’avez pas pris ce quiz depuis la dernière actualisation